XXX International Conference IMAPS Poland Chapter 2006, Kraków, 24-27 September 2006 : (Rekord nr 52631)
| 000 -ETYKIETA REKORDU | |
|---|---|
| podpole kontrolne o stałej długości | 01490nam a2200349 i 4500 |
| 001 - NUMER KONTROLNY REKORDU | |
| pole kontrolne | bg |
| 003 - IDENTYFIKATOR NUMERU KONTROLNEGO REKORDU | |
| podpole kontrolne | BPK |
| 005 - DATA OSTATNIEJ MODYFIKACJI REKORDU | |
| podpole kontrolne | 20220125151923.0 |
| 008 - POLE O STAŁEJ DŁUGOŚCI - DANE KONTROLNE | |
| podpole kontrolne o stałej długości | 061115s2006 pl a |101 0 eng |
| 015 ## - NUMER BIBLIOGRAFII NARODOWEJ | |
| Numer bibliografii narodowej | PB 2006/26427 |
| 020 ## - MIĘDZYNARODOWY ZNORMALIZOWANY NUMER KSIĄŻKI - ISBN | |
| ISBN | 8391770133 |
| 020 ## - MIĘDZYNARODOWY ZNORMALIZOWANY NUMER KSIĄŻKI - ISBN | |
| ISBN | 9788391770139 |
| 040 ## - ŹRÓDŁO KATALOGOWANIA | |
| Instytucja, która sporządziła opis | WA N |
| Instytucja, która utworzyła rekord | BPK |
| 080 ## - UNIWERSALNA KLASYFIKACJA DZIESIĘTNA - UKD | |
| UKD | 621.3.049.77 |
| 080 ## - UNIWERSALNA KLASYFIKACJA DZIESIĘTNA - UKD | |
| UKD | (06) |
| 111 2# - NAZWA IMPREZY | |
| Nazwa imprezy | IMAPS Poland Chapter 2006 |
| Oznaczenie części/sekcji/imprezy | (30 ; |
| Data imprezy | 2006 ; |
| Miejsce imprezy | Kraków). |
| 245 10 - TYTUŁ/ODPOWIEDZIALNOŚĆ | |
| Tytuł | XXX International Conference IMAPS Poland Chapter 2006, Kraków, 24-27 September 2006 : |
| Ciąg dalszy tytułu | proceedings / |
| Pozostałe elementy strefy tytułu i oznaczenia odpowiedzialności | [ed. Wiesław Zaraska, Andrzej Cichocki, Dorota Szwagierczak]. |
| 246 3# - WARIANT TYTUŁU | |
| Tytuł | International Conference IMAPS Poland Chapter 2006, Kraków, 24-27 September 2006, 30. |
| 246 14 - WARIANT TYTUŁU | |
| Tytuł | XXX International Conference of IMAPS Poland Chapter, Kraków, September 2006. |
| 260 ## - STREFA ADRESU WYDAWNICZEGO | |
| Miejsce wydania | Kraków : |
| Nazwa wydawcy/dystrybutora | Institute of Electron Technology. Cracow Division, |
| Data publikacji, dystrybucji/powstania dokumentu | [2006]. |
| 300 ## - STREFA OPISU FIZYCZNEGO | |
| Objętość | 527 s. : |
| Inne cechy fizyczne | il. ; |
| Rozmiary | 30 cm + |
| Dokument towarzyszący | dysk optyczny (CD-ROM). |
| 500 ## - UWAGI OGÓLNE | |
| Tekst uwagi | Rok wyd. wg informacji od wydawcy. |
| 504 ## - UWAGA DOTYCZĄCA BIBLIOGRAFII | |
| Informacje o bibliografii | Bibliogr. przy ref. Indeks. |
| 530 ## - UWAGA DOTYCZĄCA INNEJ DOSTĘPNEJ POSTACI FIZYCZNEJ | |
| Uwaga dotycząca innej dostępnej postaci fizycznej | Dostępny również jako dokument elektroniczny. |
| 650 #4 - HASŁO PRZEDMIOTOWE W FORMIE NAZWY OGÓLNEJ LUB JEDNOSTKOWEJ | |
| Nazwa ogólna lub geograficzna | Mikroelektronika |
| 655 #4 - TERMIN INDEKSOWY - OKREŚLENIE RODZAJU/FORMY DOKUMENTU | |
| Określenie rodzaju/formy dokumentu | Materiały konferencyjne |
| 700 1# - HASŁO DODATKOWE - NAZWA OSOBOWA | |
| Nazwa osobowa | Zaraska, Wiesław. |
| Określenie związku między hasłem a opisywanym materiałem | Red. |
| 700 1# - HASŁO DODATKOWE - NAZWA OSOBOWA | |
| Nazwa osobowa | Szwagierczak, Dorota. |
| Określenie związku między hasłem a opisywanym materiałem | Red. |
| 700 1# - HASŁO DODATKOWE - NAZWA OSOBOWA | |
| Nazwa osobowa | Cichocki, Andrzej |
| Dopowiedzenie | (nauki techniczne) |
| Określenie związku między hasłem a opisywanym materiałem | Redakcja |
| 856 ## - LOKALIZACJA I DOSTĘP DO ELEKTRONICZNYCH DOKUMENTÓW ZDALNYCH | |
| Link (URL) | http://koha.tu.koszalin.pl/cgi-bin/koha/opac-detail.pl?biblionumber=52631 |
| Tekst linku | Katalog online BPK |
| 942 ## - DODATKOWE ELEMENTY (KOHA) | |
| Schemat klasyfikacji | Uniwersalna Klasyfikacja Dziesiętna |
| Typ dokumentu | Książka |
| Wycofany | Status egzemplarza | Uszkodzony | Dostępność | Lokalizacja stała | Lokalizacja bieżąca | Miejsce przechowywania | Sygnatura | Kod kreskowy | Dział | Typ dokumentu |
|---|---|---|---|---|---|---|---|---|---|---|
| Tylko na miejscu | Biblioteka Politechniki Koszalińskiej | Biblioteka Politechniki Koszalińskiej | Czytelnia BG | 81262 | 02347141 | 621.3.037/.049 Mikroelektronika | Książka |
